|
|
|
|
| LEADER |
00000nam a2200000 a 4500 |
| 001 |
vtls010582246 |
| 003 |
SK-MaSNL |
| 005 |
20260301133656.0 |
| 008 |
240314s1984 xr rf 000 0 cze |
| 040 |
|
|
|a SNK
|b slo
|c SNK
|e AACR2
|
| 041 |
0 |
|
|a cze
|b eng
|b ger
|b rus
|
| 044 |
|
|
|a xr
|c CZ
|
| 080 |
|
|
|a 371.693/.694
|2 2001
|
| 100 |
1 |
|
|a Malach, Antonín,
|d 1926-
|4 aut
|9 109215
|
| 245 |
1 |
0 |
|a Základy trenažérového výcviku
|c Antonín Malach, Václav Císař ; [ilustrácie Miroslav Stuchlík]
|
| 250 |
|
|
|a 1. vyd.
|
| 260 |
|
|
|a Praha
|b Státní pedagogické nakladatelství
|c 1984
|
| 300 |
|
|
|a 215 s.
|e fotogr., obr., viaz. obr. príl.
|c 26 cm
|
| 366 |
|
|
|e 1200 výt.
|
| 490 |
1 |
|
|a Pomocné knihy pro učitele
|
| 504 |
|
|
|a Bibliogr.: s. 209-214
|
| 546 |
|
|
|a Res. angl., nem., rus.
|
| 650 |
0 |
7 |
|a trenažéry
|2 SNKPH
|9 76913
|
| 650 |
0 |
7 |
|a trenažérový výcvik
|2 SNKPH
|9 106218
|
| 655 |
|
7 |
|a príručky
|2 SNKPH
|9 74364
|
| 700 |
1 |
|
|a Císař, Václav,
|d 1927-
|4 aut
|9 486462
|
| 700 |
1 |
|
|a Stuchlík, Miroslav,
|d 1941-2003
|4 ill
|9 157728
|
| 830 |
|
0 |
|a Pomocné knihy pro učitele
|9 284490
|
| 958 |
|
|
|a NB
|
| 958 |
|
|
|a OND
|
| 999 |
|
|
|c 754397
|d 756327
|
| 952 |
|
|
|a SNK
|b SNK
|y PREZ
|7 0
|p 17A0772087
|o snkSB 38069
|i snkKSP 8875/84
|0 0
|1 0
|4 0
|d 2014-03-12
|f 1
|l 0
|r 2025-04-22 00:00:00
|w 2026-02-23
|